000 01614nam a2200385Ia 4500
001 ebr10377912
003 CaPaEBR
006 m u
007 cr cn|||||||||
008 090902s2009 enk sb 001 0 eng d
020 _z9781848850484 (hbk.)
020 _z1848850484 (hbk.)
020 _z9781552504314
040 _aCaPaEBR
_cCaPaEBR
035 _a(OCoLC)646812294
050 1 4 _aHQ799.2.P6
_bD468 2009eb
082 0 4 _a323.04208350981
_222
245 0 0 _aDemocracy, citizenship and youth
_h[electronic resource] :
_btowards social and political participation in Brazil /
_c[edited by Itamar Silva and Anna Luiza Salles Souto].
260 _aLondon :
_bTauris Academic Studies,
_c2009.
300 _axix, 200 p.
490 1 _aInternational library of political studies ;
_vv. 36
504 _aIncludes bibliographical references and index.
533 _aElectronic reproduction.
_bPalo Alto, Calif. :
_cebrary,
_d2010.
_nAvailable via World Wide Web.
_nAccess may be limited to ebrary affiliated libraries.
650 0 _aSocial participation
_zBrazil.
650 0 _aYouth
_xPolitical activity
_zBrazil.
650 0 _aYouth
_zBrazil
_xAttitudes.
650 0 _aYouth
_zBrazil
_xSocial conditions.
650 0 _aYouth
_xGovernment policy
_zBrazil.
655 7 _aElectronic books.
_2local
700 1 _aSilva, Itamar.
700 1 _aFerreira, Anna Luiza Salles Souto.
710 2 _aebrary, Inc.
830 0 _aInternational library of political studies ;
_v36.
856 4 0 _uhttp://site.ebrary.com/lib/rucke/Doc?id=10377912
_zAn electronic book accessible through the World Wide Web; click to view
999 _c97615
_d97615